Nové pohľady na verejnú správu vo vyučovacom procese
Aspekty sprostredkovávania poznatkov vo výučbe informatických predmetov na študijnom odbore Verejná správa a regionálny rozvoj. Prezentácia predmetov v pedagogickej praxi. Vplyv procesného prístupu a tvorby informačnej podpory pomocou typového aplikačného softvéru vo verejnej správe na riadenie výuč...
Gespeichert in:
| 1. Verfasser: | |
|---|---|
| Weitere Verfasser: | |
| Format: | Buchkapitel |
| Sprache: | Slowakisch |
| Schlagworte: | |
| Tags: |
Keine Tags, Fügen Sie das erste Tag hinzu!
|
MARC
| LEADER | 00000naa$a2200000$$$4500 | ||
|---|---|---|---|
| 001 | 0088370 | ||
| 005 | 20240502072005.8 | ||
| 041 | 0 | |a slo | |
| 044 | |a SK | ||
| 245 | 1 | 0 | |a Nové pohľady na verejnú správu vo vyučovacom procese |c Mojmír Kokles, Michal Grell |
| 520 | |a Aspekty sprostredkovávania poznatkov vo výučbe informatických predmetov na študijnom odbore Verejná správa a regionálny rozvoj. Prezentácia predmetov v pedagogickej praxi. Vplyv procesného prístupu a tvorby informačnej podpory pomocou typového aplikačného softvéru vo verejnej správe na riadenie výučby. | ||
| 610 | 2 | 0 | |a predmety učebné |
| 610 | 2 | 0 | |a technológie informačné |
| 610 | 2 | 0 | |a správa verejná |
| 610 | 2 | 0 | |a softvér |
| 100 | 1 | |a Kokles, Mojmír | |
| 700 | 1 | |a Grell, Michal | |